Atlas de las formas de relieve de Chile

Na minha lista:
Detalhes bibliográficos
Autor principal: Paskoff, Roland (autor)
Formato: Livro
Idioma:espanhol
francês
inglês
Publicado em: Santiago Instituto Geográfico Militar 1996
Edição:1a. ed
Assuntos:
Tags: Adicionar Tag
Sem tags, seja o primeiro a adicionar uma tag!

MARC

LEADER 00000nam a2200000 a 4500
001 UCK6759
003 CL-VaPUC
008 051014e19960000CL |||||||||||||||||spa|d
020 |a 9562020584 
041 0 7 |a spa  |2 CL-VaPUC 
041 0 7 |a fre  |2 CL-VaPUC 
041 0 7 |a eng  |2 CL-VaPUC 
082 0 4 |a 912.83  |b PAS  |2 21 
100 |a Paskoff, Roland  |e autor  |9 496239 
245 1 0 |a Atlas de las formas de relieve de Chile 
250 |a 1a. ed 
300 |a 288 p 
942 |c BK 
945 |d 20051014 00:00:00  |a jcarroza 
260 |a Santiago  |b Instituto Geográfico Militar  |c 1996 
650 0 |a Geomorfología   |9 261377 
650 0 |a Geografía  |9 259346 
650 7 |a RELIEVE  |2 CL-VaPUC  |9 434177 
650 0 |a Atlas   |9 260843 
651 7 |a CHILE  |2 CL-VaPUC  |9 496240 
583 |a last modification  |c 20051014 00:00:00  |k Rodrigo Vera 
999 |c 314945  |d 314943 
952 |0 0  |1 0  |4 0  |6 912_830000000000000_PAS_1996  |7 0  |8 X  |9 387771  |a BIBING  |b BIBING  |d 2019-11-22  |i 4173627  |o 912.83 PAS 1996  |p 4173627  |r 2025-01-20  |w 2019-11-22  |y BK_X  |k GEO